000
00326nam a2200121Ia 4500
008
220204s9999 xx 000 0 und d
082
_a
581.2
_b
ANN.04
245
0
_a
Annual review of phytopathology. V 04
260
_a
California
_b
Annual Reviews Inc
_c
1966
650
_a
Phytopathology
650
_a
Powdery mildew
942
_c
BK
999
_c
20741
_d
20741